Das Passahlamm und die altarabische "Mutter der Blutrache", die Hyäne
| Main Author: | |
|---|---|
| Format: | Print Article |
| Language: | German |
| Check availability: | HBZ Gateway |
| Interlibrary Loan: | Interlibrary Loan for the Fachinformationsdienste (Specialized Information Services in Germany) |
| Published: |
1982
|
| In: |
Zeitschrift für Religions- und Geistesgeschichte
Year: 1982, Volume: 34, Issue: 2, Pages: 130-147 |
| Further subjects: | B
Violence
B Passover B Recompense |
MARC
| LEADER | 00000caa a22000002c 4500 | ||
|---|---|---|---|
| 001 | 1643618229 | ||
| 003 | DE-627 | ||
| 005 | 20220608142400.0 | ||
| 007 | tu | ||
| 008 | 160405s1982 xx ||||| 00| ||ger c | ||
| 035 | |a (DE-627)1643618229 | ||
| 035 | |a (DE-576)463661966 | ||
| 035 | |a (DE-599)BSZ463661966 | ||
| 040 | |a DE-627 |b ger |c DE-627 |e rakwb | ||
| 041 | |a ger | ||
| 084 | |a 0 |2 ssgn | ||
| 084 | |a 1 |2 ssgn | ||
| 100 | 1 | |0 (DE-588)107964139 |0 (DE-627)394190947 |0 (DE-576)162052804 |4 aut |a Lüling, Günter |d 1928-2014 | |
| 109 | |a Lüling, Günter 1928-2014 | ||
| 245 | 1 | 4 | |a Das Passahlamm und die altarabische "Mutter der Blutrache", die Hyäne |
| 264 | 1 | |c 1982 | |
| 336 | |a Text |b txt |2 rdacontent | ||
| 337 | |a ohne Hilfsmittel zu benutzen |b n |2 rdamedia | ||
| 338 | |a Band |b nc |2 rdacarrier | ||
| 601 | |a Altarabisch | ||
| 601 | |a Blutrache | ||
| 650 | 0 | 7 | |0 (DE-588)4020832-1 |0 (DE-627)10631663X |0 (DE-576)208934979 |a Gewalt |2 gnd |
| 650 | 0 | 7 | |0 (DE-588)4136393-0 |0 (DE-627)105657786 |0 (DE-576)209668806 |a Passah |2 gnd |
| 650 | 0 | 7 | |0 (DE-588)4187705-6 |0 (DE-627)104534788 |0 (DE-576)210047593 |a Vergeltung |2 gnd |
| 773 | 0 | 8 | |i In |t Zeitschrift für Religions- und Geistesgeschichte |d Leiden : Brill, 1948 |g 34(1982), 2, Seite 130-147 |w (DE-627)129457981 |w (DE-600)200159-7 |w (DE-576)014821419 |x 0044-3441 |7 nnas |
| 773 | 1 | 8 | |g volume:34 |g year:1982 |g number:2 |g pages:130-147 |
| 935 | |a mteo |a BIIN | ||
| 951 | |a AR | ||
| BIB | |a 1 | ||
| ELC | |b 1 | ||
| ITA | |a 1 |t 1 | ||
| LOK | |0 000 xxxxxcx a22 zn 4500 | ||
| LOK | |0 001 3309071413 | ||
| LOK | |0 003 DE-627 | ||
| LOK | |0 004 1643618229 | ||
| LOK | |0 005 20160405102649 | ||
| LOK | |0 008 160404||||||||||||||||ger||||||| | ||
| LOK | |0 040 |a DE-Tue135 |c DE-627 |d DE-Tue135 | ||
| LOK | |0 092 |o n | ||
| LOK | |0 852 |a DE-Tue135 | ||
| LOK | |0 852 1 |9 00 | ||
| LOK | |0 935 |a ixzs |a ixmi | ||
| LOK | |0 939 |a 04-04-16 |b l01 | ||
| LOK | |0 000 xxxxxcx a22 zn 4500 | ||
| LOK | |0 001 3309071421 | ||
| LOK | |0 003 DE-627 | ||
| LOK | |0 004 1643618229 | ||
| LOK | |0 005 20190311181536 | ||
| LOK | |0 008 190311||||||||||||||||ger||||||| | ||
| LOK | |0 035 |a (DE-Tue135-1)18366 | ||
| LOK | |0 040 |a DE-Tue135-1 |c DE-627 |d DE-Tue135-1 | ||
| LOK | |0 852 |a DE-Tue135-1 | ||
| LOK | |0 852 1 |c FTH097528/34/LGG |m p |9 00 | ||
| LOK | |0 852 2 |b Z 3/917 |9 00 | ||
| LOK | |0 935 |a iZSA | ||
| LOK | |0 938 |k p | ||
| LOK | |0 939 |a 11-03-19 |b l12 | ||
| ORI | |a SA-MARC-ixtheoa001.raw | ||
| REL | |a 1 | ||
| STA | 0 | 0 | |a Passover,Pesach,Recompense,Recompense,Requital,Retribution,Reward,Revenge,Violence,Violence,Violence in literature |
| STB | 0 | 0 | |a Pessa’h,Pâque juive,Pâque juive,Rétorsion,Rétorsion,Représailles,Représailles,Vengeance,Représailles (motif),Représailles,Violence,Violence |
| STC | 0 | 0 | |a Pesach,Retribución,Retribución,Violencia,Violencia |
| STD | 0 | 0 | |a Pessach,Retribuzione divina <motivo>,Retribuzione divina,Retributività,Retributività,Retributività,Retributività,Violenza,Violenza |
| STE | 0 | 0 | |a 报应,报应,报仇,报复,报仇,暴力,暴力,武力,武力,逾越节 |
| STF | 0 | 0 | |a 報應,報應,報仇,報復,報仇,暴力,暴力,武力,武力,逾越節 |
| STG | 0 | 0 | |a Pessach,Retribuição,Retribuição,Violência,Violência |
| STH | 0 | 0 | |a Власть,Власть,Сила,Сила (мотив),Возмездие (мотив),Возмездие,Песах |
| STI | 0 | 0 | |a Βία (μοτίβο),Βία,Εκδίκηση <μοτίβο>,Εκδίκηση,Αντίποινα,Αντίποινα (μοτίβο),Πάσχα |
| SUB | |a BIB |a REL | ||
| SYE | 0 | 0 | |a Paschafest,Pessach,Pesach , Schuldausgleich,Tatschuldausgleich |



